| 000 -CABECERA |
| Longitud fija campo de control |
00772nam a2200229 a 4500 |
| 001 - NÚMERO DE CONTROL |
| Número de control |
1152 |
| 003 - IDENTIFICADOR DEL NÚMERO DE CONTROL |
| Identificador del número de control |
CDMR |
| 005 - FECHA Y HORA DE LA ÚLTIMA TRANSACCIÓN |
| Fecha y hora de la última transacción |
20131024134028.0 |
| 008 - CÓDIGOS DE INFORMACIÓN DE LONGITUD FIJA |
| Códigos de información de longitud fija |
130130s1995||||||||||||||||||||||||||||d |
| 040 ## - FUENTE DE LA CATALOGACIÓN |
| Centro catalogador de origen |
CDMR |
| Lengua de catalogación |
cat |
| Centro transcriptor |
CPC GIRONA |
| 100 1# - PUNTO DE ACCESO PRINCIPAL-NOMBRE DE PERSONA |
| Nombre de persona |
Niqui, Cinto |
| 9 (RLIN) |
904 |
| 245 14 - MENCIÓN DE TÍTULO |
| Título |
Els oïdors parlen |
| Resto del título |
: 15 anys de “L'altra ràdio” a Ràdio 4 |
| Mención de responsabilidad, etc. |
Cinto Niqui |
| 260 ## - PUBLICACIÓN, DISTRIBUCIÓN, ETC. (PIE DE IMPRENTA) |
| Lugar de publicación, distribución, etc. |
Barcelona : |
| Nombre del editor, distribuidor, etc. |
Nuevo Maf |
| 260 ## - PUBLICACIÓN, DISTRIBUCIÓN, ETC. (PIE DE IMPRENTA) |
| Nombre del editor, distribuidor, etc. |
Manuel Castro i Vinagre |
| Fecha de publicación, distribución, etc. |
1995 |
| 300 ## - DESCRIPCIÓN FÍSICA |
| Extensión |
130 p. |
| 500 ## - NOTA GENERAL |
| Nota general |
Conté un recull de transcripcions d'entrevistes realitzades per Cinto Niqui al seu programa "L'altra radio" |
| 610 2# - PUNTO DE ACCESO ADICIONAL DE MATERIA - NOMBRE DE ENTIDAD CORPORATIVA |
| 9 (RLIN) |
3699 |
| Nombre de entidad corporativa o nombre de jurisdicción como elemento inicial |
Ràdio 4 |
| 610 2# - PUNTO DE ACCESO ADICIONAL DE MATERIA - NOMBRE DE ENTIDAD CORPORATIVA |
| 9 (RLIN) |
3700 |
| Nombre de entidad corporativa o nombre de jurisdicción como elemento inicial |
Altra ràdio (Programa radiofònic) |
| 650 04 - PUNTO DE ACCESO ADICIONAL DE MATERIA - TÉRMINO DE MATERIA |
| 9 (RLIN) |
3865 |
| Término de materia o nombre geográfico como elemento inicial |
Celebritats |
| Subdivisión de materia general |
Intervius |
| 650 04 - PUNTO DE ACCESO ADICIONAL DE MATERIA - TÉRMINO DE MATERIA |
| 9 (RLIN) |
3075 |
| Término de materia o nombre geográfico como elemento inicial |
Periodistes |
| Subdivisión de forma |
Intervius |
| 942 ## - ENTRADA DE ELEMENTOS AGREGADOS (KOHA) |
| Koha [por defecto] tipo de item |
Monografies |
| Fuente de clasificaión o esquema |
|